000 00996nam2a22002531 4500
001 rc\3706728
005 20250610063005.0
021 _aRU
_bРг9910-72
021 _aRU
_b72-25261
035 _a(NLR Aleph) 007765943
090 _a7417099
_c7417099
100 _a20130115d1972 |||y0rusy50 ca
101 0 _arus
102 _aRU
105 _ay z |||||
200 0 _aЧ. 1
210 _d1972
_aБ. м.
215 _a79 с.
461 0 _1001rc\3706727
_12001#$aСборник материалов по пожарной профилактике$eЧ. 1-$fОтд. пожарной охраны УВД Вологод. облисполкома$vЧ. 1
_97417091
_cВологда
_d1972-
_fОтд. пожарной охраны УВД Вологод. облисполкома
_nБ. и.
_oЧ. 1-
_tСборник материалов по пожарной профилактике
_vЧ. 1
801 0 _aRU
_bNLR
_gpsbo
801 1 _aRU
_bELAR
_2rusmarc
852 _aNLR
_j72-4/10520
942 _cBOOK
980 _aNB